New Architecture 01 : A selection of contemporary architecture

Salvato in:
Dettagli Bibliografici
Autore principale: Cerver, Francisco Asensio (Autore)
Natura: Libro
Lingua:inglese
Pubblicazione: Barcelona : Ministerstvo kultúry SR, 1996
Soggetti:
Tags: Aggiungi Tag
Nessun Tag, puoi essere il primo ad aggiungerne!!

MARC

LEADER 00000nam a22000003a 4500
001 stu50495
005 20150617225709.7
008 990826s1996------------------------eng-d
020 |a 84-8185-033-0 
040 |a STU  |b slo 
041 0 |a eng 
100 1 |a Cerver, Francisco Asensio  |4 aut 
245 1 |a New Architecture 01 :  |b A selection of contemporary architecture 
260 |a Barcelona :  |b Ministerstvo kultúry SR,  |c 1996 
300 |a 175 s 
650 7 |a architektúra súčasná  |2 stusub 
996 |b 284AU02558  |c A*3207 U  |l AAKNST  |s P  |a 0  |w stu50495_0001